Entailment : the logic of relevance and necessity /
Guardado en:
| Autor Principal: | |
|---|---|
| Otros Autores: | , |
| Formato: | Libro |
| Idioma: | English |
| Publicado: |
Princeton, N.J. :
Princeton University Press,
c1975-c1992.
|
| Materias: | |
| Etiquetas: |
Agregar Etiqueta
Sin Etiquetas, Sea el primero en etiquetar este registro!
|
| LEADER | 01217cam a2200277 a 4500 | ||
|---|---|---|---|
| 001 | MAT.inmabb002756 | ||
| 008 | 750703m19751992njua#####b####001#0#eng## | ||
| 005 | 20170505151731.0 | ||
| 245 | 1 | 0 | |a Entailment : |b the logic of relevance and necessity / |c by Alan Ross Anderson and Nuel D. Belnap, Jr. ; with contributions by J. Michael Dunn ... [et al.]. |
| 260 | |a Princeton, N.J. : |b Princeton University Press, |c c1975-c1992. | ||
| 300 | |a 2 v. : |b il. ; |c 25 cm. | ||
| 500 | |a Vol. 2 was written by Alan Ross Anderson, Nuel D. Belnap, Jr. and J. Michael Dunn, with contributions by Kit Fine ... [et al.] and including a bibliography of entailment by Robert G. Wolf. | ||
| 504 | |a Incluye referencias bibliográficas e índices. | ||
| 510 | 4 | |a MR, |c 53 #10542 |3 (v. 1) | |
| 510 | 4 | |a MR, |c 94b:03042 |3 (v. 2) | |
| 500 | |a La biblioteca sólo posee el v. 1. |5 AR-BbIMB | ||
| 020 | |a 0691071926 (v. 1) | ||
| 020 | |a 0691073392 (v. 2) | ||
| 100 | 1 | |a Anderson, Alan Ross. | |
| 700 | 1 | |a Belnap, Nuel D., |d 1930- | |
| 700 | 1 | |a Dunn, J. Michael, |d 1941- |4 clb | |
| 650 | 0 | |a Entailment (Logic) | |
| 084 | |a 03B45 (03-02) |2 msc2000 | ||
| 010 | |a 72014016 | ||
| 040 | |a DLC |c DLC |d DLC | ||
| 859 | |h 03 |i An545e |p A-5201 |v 1 |3 Vol. I |b BIB. MATEMATICA | ||
